Relaciones cívico ,militares y el control civil de las fuerzas armadas

Guardado en:
Bibliografiske detaljer
Hovedforfatter: Varas Fernández, Augusto
Format: Texto
Udgivet: s.l.: s.e.
Tags: Tilføj Tag
Ingen Tags, Vær først til at tagge denne postø!

MARC

LEADER 00000 a a2200000 04500
001 25122
003
040
090 |a 181900  
100 |a Varas Fernández, Augusto  
245 |a Relaciones cívico ,militares y el control civil de las fuerzas armadas  
260 |a s.l.:   |b s.e.  
300 |a 20 p.  
999 |c 14103  |d 14103